Bratrstvo tři rapsodie II. [díl] Mária

Bibliographic Details
Main Author: Jirásek, Alois, 1851-1930 (Author)
Other Authors: Boukal, Václav, 1922-2007 (Illustrator)
Format: Book
Language:Czech
PhysicalDescription:343 strán, [12] strán obrazových príloh ilustrácie (niektoré farebné) 25 cm
Published: Praha Naše vojsko 1957
Edition:3. vyd.
Series:Svĕt
Subjects:

MARC

LEADER 00000cam a2200000 a 4500
001 vtls011896489
003 SK-MaSNL
005 20260302092903.0
008 250312s1957 xr a gr 000 f cze
015 |a SNBA1957 
020 |q (viazané) 
035 |a 11A8614A-330F-43BF-AF54-28A60583A0FD 
035 |a urn:nbn:sk:snk-am3idft 
035 |a urn:nbn:sk:snk-am00e4cj 
040 |a SNK  |b slo  |c SNK  |e AACR2 
041 0 |a cze 
044 |a xr  |c CZ 
072 7 |a 821.162.3  |x Česká literatúra  |2 konspekt 
080 |a 27-878.4  |2 2011 
080 |a 821.162.3-31  |2 2011 
080 |a (0:82-311.6)  |2 2011 
100 1 |a Jirásek, Alois,  |d 1851-1930  |4 aut  |9 104443 
245 1 0 |a Bratrstvo  |b tři rapsodie  |n II. [díl]  |p Mária  |c Alois Jirásek ; [ilustrace Václav Boukal] 
246 3 0 |a Mária 
250 |a 3. vyd. 
260 |a Praha  |b Naše vojsko  |c 1957 
300 |a 343 strán, [12] strán obrazových príloh  |b ilustrácie (niektoré farebné)  |c 25 cm 
366 |e 20000 kusov 
490 1 |a Svĕt  |v sv. 12 
500 |a Obsahuje poznámky 
648 7 |a 15. storočie  |2 SNKPH  |9 293562 
650 0 7 |a husitstvo  |2 SNKPH  |9 75123 
655 7 |a historické romány  |2 SNKPH  |9 70253 
655 7 |a české romány  |2 SNKPH  |9 70600 
700 1 |a Boukal, Václav,  |d 1922-2007  |4 ill  |9 193190 
830 0 |a Svĕt  |9 281508 
852 |a Slovenská národná knižnica 
954 |a beletria cudzojazyčná (svetová)  |2 lita 
958 |a TL 
958 |a RK 
958 |a LX 
958 |a SP 
958 |a CZ 
958 |a OND 
999 |c 1206589  |d 1208519 
952 |a SNK  |b SNK  |y PREZ  |7 0  |p 17A0837059  |o snkSC 10682/2  |i snkKIP 5687/57  |0 0  |1 0  |4 0  |d 2019-10-28  |f 1  |l 0  |r 2025-07-11 00:00:00  |w 2026-02-24 
952 |a SNK  |b SNK  |y PREZ  |7 0  |p 17A1347462  |o snkSC 10682/2 D1  |i snkKIP 5688/57  |0 0  |1 0  |4 0  |d 2019-12-02  |l 0  |r 2026-02-24 23:00:15  |w 2026-02-24